000 00341pab a2200145 454500
008 180718b1986 xxu||||| |||| 00| 0 eng d
100 _aMishra, G.P
245 _aManaging livestock to boost rural economy
260 _c1986
300 _a17-18,22
362 _a1 July
650 _aLivestock - India
773 _aYojana
909 _a12650
999 _c12650
_d12650